[Event "Ceske Budejovice op-A"]
[Site "Ceske Budejovice"]
[Date "2023.07.04"]
[Round "4"]
[White "Arvind, Ramnath Iyer"]
[Black "Muzika, Paul"]
[Result "0-1"]
[WhiteElo "1923"]
[BlackElo "2121"]
[PlyCount "114"]
[EventDate "2023.07.01"]
[EventType "swiss"]
[EventRounds "9"]
[EventCountry "CZE"]
[SourceTitle "CBM 215 Extra"]
[Source "ChessBase"]
[SourceDate "2023.09.30"]
[SourceVersion "1"]
[SourceVersionDate "2023.09.30"]
[SourceQuality "1"]

1. e4 e5 2. Nc3 Nf6 3. f4 d5 4. fxe5 Nxe4 5. Qf3 f5 6. d3 Nxc3 7. bxc3 d4 8. Qg3 Nc6 9. Be2 Be6 10. c4 Qd7 11. Nf3 0-0-0 12. 0-0 h6 13. Nh4 f4 14. Qf2 g5 15. Ng6 Rg8 16. Nxf8 Rgxf8 17. Ba3 Rfe8 18. Rab1 Nxe5 19. Bf3 Nxf3+ 20. Qxf3 c6 21. Rfe1 Bg4 22. Qf2 Re3 23. Qd2 Rde8 24. Qa5 b6 25. Qa6+ Kb8 26. Rf1 Re2 27. Bc5 Qb7 28. Qxb7+ Kxb7 29. Bxd4 Rxc2 30. Rfe1 Ree2 31. Rxe2 Bxe2 32. Bg7 h5 33. Bh6 f3 34. Bxg5 Rxa2 35. gxf3 Bxf3 36. h4 Be2 37. Rb3 Kc7 38. Rc3 c5 39. Be3 Kc6 40. d4 cxd4 41. Bxd4 Ra4 42. Re3 Bxc4 43. Re5 Bd5 44. Bf2 Bf3 45. Re6+ Kd5 46. Rf6 Bg4 47. Kg2 b5 48. Rf7 a6 49. Ra7 Ra2 50. Kg3 Kc4 51. Rc7+ Kb3 52. Rb7 b4 53. Bc5 a5 54. Be7 Re2 55. Bd6 Rd2 56. Be7 Rd5 57. Kf4 Rd7 0-1

[Event "Ceske Budejovice op-A"]
[Site "Ceske Budejovice"]
[Date "2023.07.02"]
[Round "2"]
[White "Pisar, Tomas"]
[Black "Muzika, Paul"]
[Result "1/2-1/2"]
[WhiteElo "1749"]
[BlackElo "2121"]
[PlyCount "83"]
[EventDate "2023.07.01"]
[EventType "swiss"]
[EventRounds "9"]
[EventCountry "CZE"]
[SourceTitle "CBM 215 Extra"]
[Source "ChessBase"]
[SourceDate "2023.09.30"]
[SourceVersion "1"]
[SourceVersionDate "2023.09.30"]
[SourceQuality "1"]

1. d4 d5 2. Nf3 Nf6 3. g3 e6 4. Bg2 Be7 5. 0-0 0-0 6. c4 dxc4 7. Qc2 b5 8. a4 b4 9. Nfd2 Nd5 10. Nxc4 c5 11. e4 Nb6 12. Nxb6 axb6 13. d5 exd5 14. exd5 Bd6 15. Nd2 b5 16. Ne4 Bf5 17. Be3 bxa4 18. Rxa4 Rxa4 19. Qxa4 Bxe4 20. Bxe4 Nd7 21. Rc1 Qe7 22. Bf5 Ne5 23. Qc2 g6 24. Be4 Rc8 25. Bd4 c4 26. Qe2 Rc7 27. Ra1 Bc5 28. Ra8+ Kg7 29. Qd2 f6 30. Ra6 Rd7 31. h3 Bd6 32. Qc2 Bc5 33. Re6 Qf8 34. Qd2 Qf7 35. f4 Qxe6 36. Bxc5 Qxh3 37. fxe5 Qxg3+ 38. Bg2 c3 39. exf6+ Kxf6 40. Bd4+ Kf7 41. bxc3 Rxd5 42. Qa2 1/2-1/2

[Event "Ceske Budejovice op-A"]
[Site "Ceske Budejovice"]
[Date "2023.07.01"]
[Round "1"]
[White "Muzika, Paul"]
[Black "Rybackova, Lucie"]
[Result "1-0"]
[WhiteElo "2121"]
[BlackElo "1770"]
[PlyCount "105"]
[EventDate "2023.07.01"]
[EventType "swiss"]
[EventRounds "9"]
[EventCountry "CZE"]
[SourceTitle "CBM 215 Extra"]
[Source "ChessBase"]
[SourceDate "2023.09.30"]
[SourceVersion "1"]
[SourceVersionDate "2023.09.30"]
[SourceQuality "1"]

1. e4 c6 2. d4 d5 3. e5 Bf5 4. Nf3 e6 5. Be2 c5 6. Be3 Qb6 7. Nc3 Nc6 8. 0-0 a6 9. Na4 Qc7 10. Nxc5 Bxc5 11. dxc5 Nge7 12. c3 0-0 13. Bd4 Ng6 14. b4 Ncxe5 15. Nxe5 Nxe5 16. g4 Be4 17. f3 Nxg4 18. fxg4 f5 19. Bf3 f4 20. Qb3 Rae8 21. Rae1 Bd3 22. Be5 Qf7 23. Rf2 Qg6 24. Rg2 Be4 25. Qd1 Kh8 26. Qe2 Bd3 27. Qd2 Be4 28. Bxe4 dxe4 29. Bxf4 e5 30. Bg3 Rf3 31. Qe2 Ref8 32. Rf2 Qxg4 33. Ref1 h5 34. Kh1 R8f5 35. Rxf3 exf3 36. Qf2 e4 37. Rg1 Qh3 38. Qe3 Qg4 39. Be5 f2 40. Rxg4 f1Q+ 41. Rg1 Qf3+ 42. Qxf3 exf3 43. Bxg7+ Kh7 44. Bd4 Rf7 45. Rf1 Kg6 46. Kg1 Kg5 47. Kf2 Kf4 48. Re1 Kg4 49. Re5 h4 50. a4 Kh3 51. Rh5 Kg4 52. Rh6 Re7 53. Rxh4+ 1-0

[Event "Olomouc op 23rd"]
[Site "Olomouc"]
[Date "2022.08.17"]
[Round "6"]
[White "Marek, Matyas"]
[Black "Muzika, Paul"]
[Result "1/2-1/2"]
[WhiteElo "2353"]
[BlackElo "2095"]
[PlyCount "93"]
[EventDate "2022.08.13"]
[EventType "swiss"]
[EventRounds "9"]
[EventCountry "CZE"]
[SourceTitle "CBM 209 Extra"]
[Source "ChessBase"]
[SourceDate "2022.09.30"]
[SourceVersion "1"]
[SourceVersionDate "2022.09.30"]
[SourceQuality "1"]

1. Nf3 d5 2. g3 Nf6 3. Bg2 e6 4. 0-0 Be7 5. d3 0-0 6. Nbd2 Nc6 7. e4 dxe4 8. dxe4 e5 9. c3 a5 10. Qc2 Be6 11. a4 Nd7 12. b3 Qe8 13. Re1 f6 14. Bf1 Nb6 15. Nh4 Qf7 16. Nf5 Bc5 17. Rb1 Kh8 18. Nf3 g6 19. Ne3 Be7 20. Nd2 Rfd8 21. Ndc4 Nxc4 22. Bxc4 Bxc4 23. Nxc4 Bc5 24. Be3 Bxe3 25. Nxe3 Rd7 26. Rbd1 Rad8 27. Rxd7 Rxd7 28. Rd1 Qe7 29. Rd5 Rxd5 30. exd5 Nd8 31. Qd3 Qd7 32. Qc4 b6 33. b4 Nb7 34. Qa6 Nd6 35. bxa5 Qxa4 36. Qa8+ Kg7 37. a6 f5 38. a7 f4 39. Nf1 Qa2 40. Qb8 Ne4 41. Qxc7+ Kh6 42. Qxb6 Ng5 43. Qc5 Nf3+ 44. Kg2 Ne1+ 45. Kg1 Nf3+ 46. Kg2 Ne1+ 47. Kg1 1/2-1/2

[Event "Olomouc op 23rd"]
[Site "Olomouc"]
[Date "2022.08.15"]
[Round "4"]
[White "Korniichuk, Oleksandra"]
[Black "Muzika, Paul"]
[Result "0-1"]
[WhiteElo "1793"]
[BlackElo "2095"]
[PlyCount "120"]
[EventDate "2022.08.13"]
[EventType "swiss"]
[EventRounds "9"]
[EventCountry "CZE"]
[SourceTitle "CBM 209 Extra"]
[Source "ChessBase"]
[SourceDate "2022.09.30"]
[SourceVersion "1"]
[SourceVersionDate "2022.09.30"]
[SourceQuality "1"]

1. e4 e5 2. Nf3 Nc6 3. Bc4 Nf6 4. d3 Bc5 5. c3 d6 6. h3 h6 7. 0-0 Bb6 8. Be3 g5 9. Nh2 Rg8 10. g4 h5 11. Qf3 Qe7 12. a4 Bd7 13. b4 a5 14. b5 Nd8 15. Bxb6 cxb6 16. d4 Ne6 17. Bxe6 Bxe6 18. d5 Bd7 19. Nd2 Rc8 20. Rac1 Rh8 21. Qe2 Nh7 22. Nc4 Nf8 23. Nxb6 Ng6 24. Nxc8 Bxc8 25. Qc4 Bd7 26. Qc7 Kf8 27. c4 Nf4 28. c5 Ne2+ 29. Kg2 Nf4+ 30. Kh1 dxc5 31. Qxc5 hxg4 32. Qxe7+ Kxe7 33. hxg4 Bxg4 34. f3 Bh3 35. Rc7+ Kf6 36. Rfc1 g4 37. fxg4 Bg2+ 38. Kg1 Bxe4 39. R1c2 Bxc2 40. Rxc2 Nxd5 41. Rc5 Ke6 42. b6 Ra8 43. Nf3 f6 44. g5 Kd6 45. Rb5 fxg5 46. Kf2 Nc3 47. Rb3 Nxa4 48. Nxg5 Nc5 49. Ra3 a4 50. Ke3 Kd5 51. Nf3 Ra6 52. Kd2 Rxb6 53. Re3 e4 54. Nh4 Rb2+ 55. Kc1 Rf2 56. Ng6 Kd4 57. Ra3 e3 58. Ne7 Nd3+ 59. Kb1 b5 60. Nc6+ Ke4 0-1

[Event "Seville op 46th"]
[Site "Seville"]
[Date "2021.07.03"]
[Round "4"]
[White "Bernabeu Lopez, Carlos Javier"]
[Black "Muzika, Paul"]
[Result "1-0"]
[WhiteElo "2403"]
[BlackElo "2094"]
[PlyCount "107"]
[EventDate "2021.06.30"]
[EventType "swiss"]
[EventRounds "7"]
[EventCountry "ESP"]
[SourceTitle "CBM 203 Extra"]
[Source "ChessBase"]
[SourceDate "2021.09.30"]
[SourceVersion "1"]
[SourceVersionDate "2021.09.30"]
[SourceQuality "1"]

1. c4 e6 2. Nf3 d5 3. d4 Nf6 4. g3 Be7 5. Bg2 0-0 6. 0-0 dxc4 7. Qc2 a6 8. a4 Bd7 9. Qxc4 Bc6 10. Bg5 Bd5 11. Qc2 Be4 12. Qc1 Nc6 13. e3 Nb4 14. Nc3 Bc6 15. a5 Nfd5 16. Bxe7 Qxe7 17. Ne5 Nxc3 18. bxc3 Bxg2 19. Kxg2 Nc6 20. Nf3 e5 21. Qb1 Qd6 22. Rd1 exd4 23. cxd4 b5 24. axb6 Rfb8 25. b7 Ra7 26. Qe4 Nb4 27. Ng5 Qd5 28. Qxd5 Nxd5 29. Rdb1 h6 30. Ne4 Raxb7 31. Rxb7 Rxb7 32. Rxa6 Rb2 33. Ra3 Rc2 34. g4 g6 35. Kf3 Kf8 36. Ra5 c6 37. Ra7 Ne7 38. Nf6 Kg7 39. Rxe7 Kxf6 40. Re5 Rc1 41. h4 Rh1 42. h5 gxh5 43. gxh5 Kg7 44. Rc5 Rh4 45. Kg3 Rh1 46. Kg2 Rh4 47. f3 Kf8 48. Rxc6 Rxh5 49. Rc5 Rh4 50. e4 Ke7 51. Rc1 Rf4 52. Rc7+ Kd6 53. Ra7 Rh4 54. Rxf7 1-0

[Event "Europe Echecs online op April"]
[Site "Europe Echecs INT"]
[Date "2020.04.11"]
[Round "10"]
[White "Le Fournier, Pascal"]
[Black "Muzika, Paul"]
[Result "1-0"]
[WhiteElo "1837"]
[BlackElo "2075"]
[PlyCount "93"]
[EventDate "2020.04.11"]
[EventType "swiss (blitz)"]
[EventRounds "11"]
[EventCountry "FRA"]
[SourceTitle "EXT 2021"]
[Source "ChessBase"]
[SourceDate "2020.10.23"]
[SourceVersion "1"]
[SourceVersionDate "2020.10.23"]
[SourceQuality "1"]

1. d4 d5 2. Nf3 Nf6 3. c4 e6 4. g3 Be7 5. Bg2 0-0 6. 0-0 dxc4 7. Ne5 Nc6 8. Bxc6 bxc6 9. Nxc6 Qe8 10. Nxe7+ Qxe7 11. Qc2 e5 12. dxe5 Qxe5 13. Qxc4 Re8 14. Nc3 Be6 15. Qf4 Qa5 16. Be3 Rab8 17. Rab1 Rb4 18. Qg5 Qa6 19. Qc5 Rb7 20. Rfd1 Ng4 21. Bf4 Qb6 22. Qxb6 axb6 23. f3 Nf6 24. e4 b5 25. a3 h6 26. Kf2 g5 27. Be3 Kh7 28. Nd5 Nd7 29. Nb4 c5 30. Nd5 f5 31. Bxc5 fxe4 32. fxe4 Bxd5 33. Rxd5 Nxc5 34. Rxc5 Rxe4 35. Re1 Rc4 36. Rxc4 bxc4 37. Re2 Rb3 38. Ke1 h5 39. Kd1 h4 40. gxh4 gxh4 41. Kc2 Kg6 42. Re4 Rh3 43. Re2 Kf5 44. a4 Kf4 45. a5 Kf3 46. Rd2 Ke4 47. a6 1-0

[Event "Europe Echecs online op April"]
[Site "Europe Echecs INT"]
[Date "2020.04.11"]
[Round "9"]
[White "Muzika, Paul"]
[Black "Loiseau, Quentin"]
[Result "0-1"]
[WhiteElo "2075"]
[BlackElo "2457"]
[PlyCount "86"]
[EventDate "2020.04.11"]
[EventType "swiss (blitz)"]
[EventRounds "11"]
[EventCountry "FRA"]
[SourceTitle "EXT 2021"]
[Source "ChessBase"]
[SourceDate "2020.10.23"]
[SourceVersion "1"]
[SourceVersionDate "2020.10.23"]
[SourceQuality "1"]

1. e4 c6 2. d4 d5 3. e5 Bf5 4. Nf3 e6 5. Be2 Ne7 6. Be3 h6 7. Nbd2 Bg6 8. c4 dxc4 9. Nxc4 Nd5 10. 0-0 Nd7 11. a4 Be7 12. a5 0-0 13. Qb3 b5 14. Ncd2 a6 15. Bd3 Bxd3 16. Qxd3 c5 17. dxc5 Nxe3 18. Qxe3 Nxc5 19. Rfd1 Qd3 20. Qf4 Rfd8 21. h4 Nb3 22. Rab1 Nxd2 23. Qxd2 Qe4 24. Qe1 Qxe1+ 25. Rxe1 Bb4 26. Rec1 Bxa5 27. Rc6 Bb4 28. Rbc1 a5 29. Rb6 Rdb8 30. Rcc6 Bf8 31. Kf1 a4 32. Ke2 b4 33. Rxb8 Rxb8 34. Ra6 a3 35. bxa3 bxa3 36. Kd3 Rb2 37. Nd2 Rb5 38. f4 Rb4 39. Nc4 Rb3+ 40. Ke4 g6 41. g4 Bc5 42. f5 Rc3 43. Ra4 a2 0-1

[Event "Europe Echecs online op April"]
[Site "Europe Echecs INT"]
[Date "2020.04.11"]
[Round "11"]
[White "Muzika, Paul"]
[Black "Phialy, Sylvain"]
[Result "1-0"]
[WhiteElo "2075"]
[BlackElo "1623"]
[PlyCount "53"]
[EventDate "2020.04.11"]
[EventType "swiss (blitz)"]
[EventRounds "11"]
[EventCountry "FRA"]
[SourceTitle "EXT 2021"]
[Source "ChessBase"]
[SourceDate "2020.10.23"]
[SourceVersion "1"]
[SourceVersionDate "2020.10.23"]
[SourceQuality "1"]

1. e4 e5 2. Nf3 Nc6 3. d4 exd4 4. Nxd4 Bc5 5. Nb3 Bb6 6. Nc3 Nf6 7. Bg5 0-0 8. Qe2 d6 9. 0-0-0 Re8 10. f3 h6 11. Bh4 Ne5 12. Kb1 Be6 13. Nd5 Bxd5 14. exd5 Qd7 15. Bxf6 gxf6 16. Qd2 a5 17. Qxh6 a4 18. Nd4 Bxd4 19. Rxd4 Ng6 20. Bd3 Re5 21. h4 f5 22. h5 Ne7 23. Rg4+ fxg4 24. Bh7+ Kh8 25. Bg6+ Kg8 26. Qh7+ Kf8 27. Qxf7# 1-0